|
|
|
|
| LEADER |
00000nam0a2200000 4500 |
| 001 |
209018 |
| 005 |
20231031191623.0 |
| 010 |
|
|
|a 0906717612
|
| 035 |
|
|
|a (RuTPU)RU\TPU\book\228306
|
| 090 |
|
|
|a 209018
|
| 100 |
|
|
|a 20120208d2002 km y0engy50 ba
|
| 101 |
0 |
|
|a eng
|
| 102 |
|
|
|a US
|
| 105 |
|
|
|a a gj 000zy
|
| 200 |
1 |
|
|a One to One
|e A Teacher's handbook
|f P. Wilberg
|
| 210 |
|
|
|a Boston
|c Thomson
|d 2002
|
| 215 |
|
|
|a 160 p.
|c il.
|
| 606 |
1 |
|
|a Английский язык
|x Учебные руководства и пособия
|x Методика преподавания
|2 stltpush
|3 (RuTPU)RU\TPU\subj\29080
|
| 610 |
1 |
|
|a диалоги
|
| 610 |
1 |
|
|a чтение
|
| 610 |
1 |
|
|a аудирование
|
| 610 |
1 |
|
|a обучение
|
| 610 |
1 |
|
|a преподавание
|
| 610 |
1 |
|
|a справочные руководства
|
| 686 |
|
|
|a Ш143.21-91
|v LBC/SL-A
|2 rubbk
|
| 700 |
|
1 |
|a Wilberg
|b P.
|g Peter
|
| 801 |
|
1 |
|a RU
|b 63413507
|c 20120208
|
| 801 |
|
2 |
|a RU
|b 63413507
|c 20120216
|g RCR
|
| 942 |
|
|
|c BK
|